| 000 | 01365cam a22003617a 4500 | ||
|---|---|---|---|
| 003 | CHAP | ||
| 005 | 20220329141900.0 | ||
| 008 | 980403d1997 mx a r 00110 spa d | ||
| 010 | _a75228 | ||
| 011 | _a76200 | ||
| 035 | _a85779 | ||
| 040 | _cCHAP | ||
| 090 | _aTesis | ||
| 100 | 0 | 0 |
_aAbadía Rodríguez, José Antonio. _9141 |
| 245 | 1 | 0 |
_aEfecto del sexo sobre el rendimiento y composición de la canal de equinos tipo serrano _c/por José Antonio Abadía Rodríguez y Edwin Jeovanny Funez Aguilar |
| 260 |
_aChapingo, Méx. : _bEl autor, _c1997. |
||
| 300 |
_a96 h. : _bilus. ; gráfs. |
||
| 502 | _aTesis (Ing. Agr. Esp. en Zootecnia) -- UACH. Departamento de Zootecnia | ||
| 590 |
_aALEPH _b10 _c20130110 _lUCH01 _h1423 |
||
| 590 |
_aBATCH-UPD _b10 _c20130110 _lUCH01 _h0457 |
||
| 590 |
_aBATCH-UPD _b10 _c20130410 _lUCH01 _h0135 |
||
| 590 |
_aBATCH-UPD _b10 _c20130913 _lUCH01 _h1811 |
||
| 590 |
_aCONVERSION _b10 _c20130109 _lUCH01 _h1341 |
||
| 650 | 1 | 4 |
_aAlimentos _xPropiedades organolépticas. _94270 |
| 650 | 1 | 4 |
_aCarne de caballo _xProducción. _919128 |
| 700 | 0 |
_aFunez Aguilar, Jeovanny. _944043 |
|
| 901 | _aBK | ||
| 905 | _aAlejandra Carrasco M. | ||
| 942 | _cFOLL | ||
| 949 |
_bBC _cTES _d33724000587408 _eTS2 _fc.2 _h32196 _i85779 _sb |
||
| 949 |
_bBC _cTES _d33724000758959 _eTS2 _fc.3 _h35538 _i85779 _si |
||
| 949 |
_bBC _cTES _d957791 _eTS1 _h32195 _i85779 _sb |
||
| 999 |
_c75228 _d75228 |
||